| 000 | 00720nam0a22002291 4500 | ||
|---|---|---|---|
| 001 | rc\676362 | ||
| 005 | 20250621205722.0 | ||
| 035 | _a(NLR Aleph) 005914220 | ||
| 090 |
_a6408671 _c6408671 |
||
| 100 | _a20031121d1986 |||y0rusy50 ca | ||
| 101 | 0 | _arus | |
| 102 | _aRU | ||
| 105 | _aa ||||||||| | ||
| 200 | 1 |
_aФантазеры _eРассказы _e[Для мл. шк. возраста] _fН. Носов _gРис. Г. Валька |
|
| 210 |
_aУстинов _cУдмуртия _d1986 |
||
| 215 |
_a19, [2] с. _cил. _d20 |
||
| 700 | 1 |
_aНосов _bН.Н. _f1908-1976 _gНиколай Николаевич |
|
| 801 | 0 |
_aRU _bNLR _gpsbo |
|
| 801 | 1 |
_aRU _bELAR _2rusmarc |
|
| 852 |
_aNLR _j86-4/12679 |
||
| 942 | _cBOOK | ||
| 980 | _aNB | ||